000 01059cam a22002174a 4500
005 20250605164130.0
008 250528s ||||||||||||||||||||||||d
035 _a18597
020 _a394719182
040 _aGR-AtMCL
_bgre
_dGR-AtMCL
_eAACR2
245 1 _aWork is Dangerous to Your Health / A Handbook of Health Hazards in the Workplace and What You Can Do About Them
250 _a1st
260 _bVintage Books,
_c1973
300 _a454
520 _aList of Tables, Acknowledgements, How to Use This Book, Occupational Disease: The Silent Killer, The Human Body and Occupational Disease, Stress, Noise and Vibration, The Effects of Heat and Cold, Light and X-Rays and Other Radiation, Chemical Hazards, Welding Hazards, Controlling Pollution in the Workplace, Measurement and Monitoring, Keeping Health Records, What Is to Be Done, Some Exposures to Health Hazards Listed by Occupation, Bibliography, General Index.
700 1 _aDaum Susan M
_94859
700 1 _aStellman Jeanne M
_94860
942 _cBK
999 _c3946
_d3946